| 000 | 00668nam a2200265Ia 4500 | ||
|---|---|---|---|
| 001 | 10045 | ||
| 005 | 20240113235202.0 | ||
| 007 | ta | ||
| 008 | 050730s1925 a g b000 u eng u | ||
| 020 | _cHB | ||
| 040 | _aCotton College Assam | ||
| 041 | _aeng | ||
| 082 |
_a370.934 _bB 639 H |
||
| 100 | _aBokil, V.P. . | ||
| 245 | 0 |
_aThe History of Education / _cV.P. Bokil. _hTextual Documents |
|
| 250 | _a1st ed. / | ||
| 260 |
_aBombay : _bsn , _c1925. |
||
| 300 |
_a299p. : _bill. ; _c18cm . |
||
| 653 | _aEducation-History | ||
| 653 | _aHistory-Education | ||
| 653 | _aMS-Education | ||
| 942 |
_2ddc _cBK |
||
| 999 |
_c10032 _d10032 |
||